GURBET KUŞLARI (Record no. 689561)

MARC details
000 -LEADER
sabit uzunluktaki kontrol alanı 00238nam a2200097Ia 4500
001 - KONTROL NUMARASI
kontrol alanı 689561
005 - EN SON İŞLEMİN TARİH VE ZAMANI
kontrol alanı 20250826161636.0
008 - SABİT-UZUNLUKTA VERİ ÖĞELERİ--GENEL BİLGİ
sabit uzunluktaki kontrol alanı 250824s9999 xx 000 0 und d
245 #0 - ESER / YAZAR
ESER ADI GURBET KUŞLARI
Yazar Adı ORHAN KEMAL
260 ## - YAYIN, DAĞITIM, VB.
YAYIN EVİ EVEREST YAYYINLARI
Holdings
Düşüm durumu Kayıp durumu Hasar Durumu Ödünç verilmez Ana kütüphane Geçerli Kütüphane Edinilen tarih Toplam ödünç verme sayısı Barkod Son görüntüleme tarihi Son ödünç verme tarihi Fiyatın geçerli olmaya başladığı tarih Koha materyal türü
        M. HALİL İBRAHİM HEKİMOĞLU MESLEKİ VE TEKNİK A. L. M. HALİL İBRAHİM HEKİMOĞLU MESLEKİ VE TEKNİK A. L. 24.08.2025 1 1017403 13.04.2026 24.03.2026 26.08.2025 Books